01491nam a2200277 4500001000400000003000400004005001700008008004100025020001800066040000800084041001300092082001400105100002800119240001200147245006500159260003300224300001100257520079700268650002701065650000901092650001801101650003201119655001501151655001601166700003101182413OSt20250528074019.0250516b |||||||g |||| 00| 1 eng d a9788501117373 bpor hengapor a920bO18e aO'connell ryan d1986-  aSpecial aEspecial /cO'Connell, Ryan; Tradução de Adriana Fidalgo aRio de JaneirobGalerac2019 a225 p. aO livro que deu origem à série Special, da Netflix. Como se os desafios de ser um jovem gay com paralisia cerebral não fossem o bastante, Ryan O’Connell viveu todos os clichês de um Millennial. Ele passou a segunda década de sua vida estagiando para divas delirantes, engolindo todos os remédios que conseguia encontrar pelo caminho e tentando achar o amor verdadeiro — coff coff — no Grindr. Mas depois de tanta tentativa e erro, Ryan pode dizer, com propriedade, que mancou elegantemente todo o caminho para a vida adulta. Especial, seu (hilário) relato autobiográfico, é uma reflexão sobre o mundo cruel que espera jovens de vinte e poucos anos superprotegidos pelos pais e uma lição de como encontrar a si mesmo em meio às disputas por likes e seguidores. 0aLiteratura australiana 0aLGBT 0aAutobiografia 0aEm busca do amor verdadeiro 0aBiografia  0aFicção  aAdriana FidalgoeTRADUTORA